Hacienda publica : (Registro nro. 12713)
[ vista simple ]
| 000 -LEADER | |
|---|---|
| fixed length control field | 01911nam a2200265Ia 4500 |
| 003 - CONTROL NUMBER IDENTIFIER | |
| control field | OSt |
| 005 - DATE AND TIME OF LATEST TRANSACTION | |
| control field | 20211111114547.0 |
| 008 - FIXED-LENGTH DATA ELEMENTS--GENERAL INFORMATION | |
| fixed length control field | 210310s2014 ck gr 000 0 spa d |
| 020 ## - INTERNATIONAL STANDARD BOOK NUMBER | |
| International Standard Book Number | 9789587384727 |
| 040 ## - CATALOGING SOURCE | |
| Original cataloging agency | CO-JMCR |
| Transcribing agency | CO-JMCR |
| 041 ## - LANGUAGE CODE | |
| Language code of text/sound track or separate title | spa |
| 082 04 - DEWEY DECIMAL CLASSIFICATION NUMBER | |
| Classification number | 336 / |
| Item number | P977h |
| Edition number | 23 |
| 100 1# - MAIN ENTRY--PERSONAL NAME | |
| Personal name | Puentes Gonzalez, German, |
| Relator term | autor |
| 9 (RLIN) | 29014 |
| 245 10 - TITLE STATEMENT | |
| Title | Hacienda publica : |
| Remainder of title | asignación de recursos, distribución del ingreso y la riqueza, formación de capital y estabilización económica / |
| Statement of responsibility, etc. | Germán Puentes González |
| 260 ## - PUBLICATION, DISTRIBUTION, ETC. | |
| Place of publication, distribution, etc. | Bogotá : |
| Name of publisher, distributor, etc. | Universidad del Rosario, |
| Date of publication, distribution, etc. | 2014. |
| 300 ## - PHYSICAL DESCRIPTION | |
| Extent | 388 páginas ; |
| Dimensions | 24 cm. |
| 490 0# - SERIES STATEMENT | |
| Series statement | Colección lecciones de ciencias políticas y gobierno |
| 504 ## - BIBLIOGRAPHY, ETC. NOTE | |
| Bibliography, etc. note | Bibliografía : páginas 381-387. |
| 505 0# - FORMATTED CONTENTS NOTE | |
| Formatted contents note | Contexto, consideraciones generales y características. -- Diferentes formas de organización económica. -- Teoría de los bienes públicos. -- La deuda pública: un instrumento de financiación y de regulación económica. -- La privatización como fuente de financiamiento del estado. -- Gasto público como instrumento para regular la economía y distribuir el ingreso y la riqueza. -- Organización espacial de la hacienda pública. -- La planeación económica estatal. -- La empresa pública en el marco dela hacienda pública en Colombia. |
| 520 0# - SUMMARY, ETC. | |
| Summary, etc. | Hoy día es imposible encontrar un Estado sin Hacienda Públi ca y cada Estado tiene un diseño que está orientado por una corriente de pensamiento, cuyos principios y valores oscilan entre las antípodas de la solidaridad y del egoísmo. En este contexto, la Hacienda Pública, como corpus para la reflexión y solución de necesidades colectivas, es más o menos prolija, dependiendo de la concepción de Estado que se tenga. |
| 650 14 - SUBJECT ADDED ENTRY--TOPICAL TERM | |
| Topical term or geographic name entry element | Hacienda pública |
| Geographic subdivision | Colombia |
| 9 (RLIN) | 6814 |
| 650 24 - SUBJECT ADDED ENTRY--TOPICAL TERM | |
| Topical term or geographic name entry element | Gasto público |
| Geographic subdivision | Colombia |
| 9 (RLIN) | 8586 |
| 650 24 - SUBJECT ADDED ENTRY--TOPICAL TERM | |
| Topical term or geographic name entry element | Rentas públicas |
| Geographic subdivision | Colombia |
| 9 (RLIN) | 6952 |
| 942 ## - ADDED ENTRY ELEMENTS (KOHA) | |
| Source of classification or shelving scheme | Dewey Decimal Classification |
| Koha item type | Books |
| Withdrawn status | Lost status | Source of classification or shelving scheme | Damaged status | Not for loan | Home library | Current library | Shelving location | Date acquired | Source of acquisition | Total Checkouts | Total Renewals | Full call number | Barcode | Date last seen | Date last checked out | Copy number | Price effective from | Koha item type |
|---|---|---|---|---|---|---|---|---|---|---|---|---|---|---|---|---|---|---|
| Dewey Decimal Classification | Biblioteca Pública José María del Castillo y Rada | Biblioteca Pública José María del Castillo y Rada | General Stacks | 04/15/2018 | Donación | 3 | 2 | 336 / P977h | 430000131 | 05/12/2025 | 04/29/2025 | Ej.1 | 03/10/2021 | Books |